| 000 | 01383nam0a22002891 4500 | ||
|---|---|---|---|
| 001 | rc\4989888 | ||
| 005 | 20260408081542.0 | ||
| 021 |
_aRU _b[63-36931] |
||
| 035 | _a(NLR Aleph) 008986968 | ||
| 090 |
_a9221983 _c9221983 |
||
| 100 | _a20130430d1963 |||y0rusy50 ca | ||
| 101 | 0 | _arus | |
| 102 | _aRU | ||
| 105 | _ay z ||||| | ||
| 200 | 1 |
_aСанитарные правила работы с закрытыми источниками излучения при радиометрических исследованиях разрезов буровых скважин _e[Утв. 19/XI 1962 г.] _fГос. сан. инспекция М-ва здравоохранения СССР |
|
| 210 |
_aМосква _cБ. и. _d1963 |
||
| 215 |
_a31 с. _d20 |
||
| 300 | _aНа 1-й с. авт. разработки: Гурьев А.Ф. | ||
| 606 |
_aИонизирующие излучения _xСанитарные условия работы с ними _2psbo |
||
| 606 |
_aБуровые скважины _xИсследование _xРадиометрический метод _2psbo |
||
| 702 | 1 |
_aГурьев _bА.Ф. _4570 |
|
| 712 | 0 | 1 |
_aСССР _bГлавная государственная санитарная инспекция _3RU\NLR\AUTH\8810124909 _9747336 |
| 801 | 0 |
_aRU _bNLR _gpsbo |
|
| 801 | 1 |
_aRU _bELAR _2rusmarc |
|
| 852 |
_aNLR _j63-4/8855 |
||
| 942 | _cBOOK | ||
| 980 | _aNB | ||